| 000 | 01566nam1a2200337 i 4500 | ||
|---|---|---|---|
| 001 | RU\NLR\b_ik\145754 | ||
| 005 | 20241225153028.0 | ||
| 010 |
_a5811216793 _94000 |
||
| 035 | _a(NLR Aleph) 002218906 | ||
| 090 |
_a3271282 _c3271282 |
||
| 100 | _a20060426d2006 u y0rusy50 ba | ||
| 101 | 0 | _aeng | |
| 102 | _aRU | ||
| 105 | _a||||z ||||| | ||
| 200 | 1 |
_aGone with the wind _fMargaret Mitchell _gобраб. текста, коммент., словарь: Н.И. Кролик _g[ил.: Г.А. Мацыгин] |
|
| 210 |
_aМосква _cАйрис-пресс _dcop. 2006 |
||
| 215 | _d16 | ||
| 225 | 1 |
_aЧитаем в оригинале _iEnglish |
|
| 300 | _aВ вып. дан.: Унесенные ветром / Митчелл Маргарет | ||
| 463 | 1 |
_1001RU\NLR\b_ik\141743 _1200##$aB. 3 _0RU\NLR\b_ik\141743 _93219892 _p250, [1] с. _tGone with the wind. - B. 3 _y5-8112-1682-3 |
|
| 463 | 0 |
_1001RU\NLR\b_ik\145088 _0RU\NLR\b_ik\145088 _93262748 _p302, [1] с. _tGone with the wind. - B. 1 _y5-8112-1680-7 |
|
| 463 | 0 |
_1001RU\NLR\b_ik\141403 _0RU\NLR\b_ik\141403 _93215540 _p396 с. _tGone with the wind. - B. 2 _y5-8112-1681-5 |
|
| 517 | 0 | _aУнесенные ветром | |
| 606 | 1 |
_aАнглийский язык _jУчебные издания _9972309 _3RU\NLR\AUTH\6646032 |
|
| 686 | 4 | _aШ6(7США)61-440.4{Лх1978-50} | |
| 686 | 4 | _aШ143.21-93рус91 | |
| 700 | 1 |
_4070 _7ba _8eng _aMitchell _bM. _f1900-1949 _gMargaret _9238121 _3RU\NLR\AUTH\770238177 |
|
| 801 | 0 |
_aRU _bNLR _c20060426 _gPSBO |
|
| 852 |
_aNLR _bИк _j2006-2/23 |
||
| 942 | _cBOOK | ||